|
|
|
|
| LEADER |
02356nam a2200433 a 4500 |
| 001 |
AAL7094 |
| 003 |
BD-DhAAL |
| 005 |
20240904101059.0 |
| 008 |
160928s1993 nyua 0 0eng d |
| 020 |
|
|
|a 0078237548
|
| 020 |
|
|
|a 007822814x
|
| 020 |
|
|
|a 0078228158
|
| 020 |
|
|
|a 0078613469
|
| 020 |
|
|
|a 0078613507
|
| 020 |
|
|
|a 9780078228162
|
| 020 |
|
|
|a 0078228174
|
| 020 |
|
|
|a 0078228166
|
| 020 |
|
|
|a 0078237610
|
| 040 |
|
|
|a UUS
|c UUS
|d OCL
|d BD-DhAAL
|
| 082 |
0 |
0 |
|a 420.71
|2 21
|
| 245 |
0 |
0 |
|a Writer's choice :
|b grammar and composition.
|n Grade 12.
|
| 246 |
|
|
|a Glencoe writer's choice :
|b grammar and composition
|
| 264 |
|
|
|a New York, N.Y. :
|b Glencoe/ McGraw-Hill,
|c 2001.
|
| 300 |
|
|
|a xxviii, 923 pages ;
|a xxvii, 959 :
|b illustrations ;
|c 26 cm.
|
| 500 |
1 |
|
|a Vocabulary and spelling practice.
|
| 541 |
1 |
|
|a Complimentary copy from BIED
Donation from the Asia Foundation/ Savar Campus
|e 7094, 37660, 37770, 42406, 42675
|
| 650 |
|
0 |
|a English language
|x Study and teaching.
|9 12990
|
| 650 |
|
0 |
|a English language
|x Grammar
|x Study and teaching.
|9 14601
|
| 650 |
|
0 |
|a Language arts.
|9 14597
|
| 650 |
|
0 |
|a English language
|x Composition and exercises.
|9 14602
|
| 710 |
2 |
|
|a Glencoe Publishing Co.
|9 14603
|
| 852 |
|
|
|a Ayesha Abed Library
|
| 942 |
|
|
|2 ddc
|c BK
|
| 999 |
|
|
|c 37785
|d 37785
|
| 952 |
|
|
|0 0
|1 0
|2 ddc
|4 0
|6 420_000000000000000__7_1_WRI
|7 0
|9 59628
|a SCL
|b SCL
|c GEN
|d 2016-09-28
|e Gift: The Asia Foundation
|l 0
|o 420.71 WRI
|p 3020007094
|r 2016-09-28
|t 1
|w 2016-09-28
|y BK
|
| 952 |
|
|
|0 0
|1 0
|2 ddc
|4 0
|6 420_710000000000000_WRI
|7 0
|9 69725
|a BRACUL
|b BRACUL
|c GEN
|d 2022-02-03
|e Complimentary copy from BIED
|l 2
|m 36
|o 420.71 WRI
|p 3010037660
|r 2026-03-03
|s 2025-09-23
|t 2
|w 2022-02-03
|y BK
|x Transferred from BIED to General Stacks
|
| 952 |
|
|
|0 0
|1 0
|2 ddc
|4 0
|6 420_710000000000000_WRI
|7 0
|9 69839
|a BRACUL
|b BRACUL
|c GEN
|d 2022-02-20
|e Complimentary copy from BIED
|l 0
|o 420.71 WRI
|p 3010037770
|r 2022-02-20
|t 3
|w 2022-02-20
|y BK
|x Transferred from BIED to General Stacks
|
| 952 |
|
|
|0 0
|1 0
|2 ddc
|4 0
|6 420_710000000000000_WRI
|7 0
|9 75268
|a SCL
|b SCL
|c GEN
|d 2024-03-18
|e Donation from the Asia Foundation
|l 0
|o 420.71 WRI
|p 3020042406
|r 2024-03-18
|t 4
|w 2024-03-18
|y BK
|
| 952 |
|
|
|0 0
|1 0
|2 ddc
|4 0
|6 420_710000000000000_WRI
|7 0
|9 75618
|a SCL
|b SCL
|c GEN
|d 2024-06-09
|e Donation from the Asia Foundation/ Savar Campus
|l 0
|o 420.71 WRI
|p 3020042675
|r 2024-06-09
|t 5
|y BK
|x Donation from the Asia Foundation/ Savar Campus
|